• 首页
  • 本馆介绍
  • 公告通知
  • 最新文献
  • 馆藏检索
  • 电子资源
  • 读者导购
  • 参考咨询
  • 我的图书馆
  • 登录
  • 详细信息显示
  • 放入我的书架
  • 预约/预借图书
  • 作者相关作品
  • 分类相关作品
  • 丛书相关作品
  • 出版社相关作品

书目信息

  • 表格格式
  • 工作单格式
  • 卡片格式
题名:
新媒体时代的应急管理与危机公关
    
 
作者: 唐钧 著
分册:  
出版信息: 北京   中国人民大学出版社  2018
页数: 263页
开本: 24cm
丛书名: 领导干部悦读坊
单 册:
中图分类: D035.34
科图分类:
主题词: 突发事件--tu fa shi jian--公共管理
电子资源:
ISBN: 978-7-300-25584-2
000 01152nam 2200277 450
001 012001006025
005 20131015111008.0
010    @a978-7-300-25584-2@dCNY48.00
099    @aCAL 012018120364
100    @a20180928d2018 em y0chiy50 ea
101 0  @achi
102    @aCN@b110000
105    @ay a 000yy
106    @ar
200 1  @a新媒体时代的应急管理与危机公关@Axin mei ti shi dai de ying ji guan li yu wei ji gong guan@f唐钧著
210    @a北京@c中国人民大学出版社@d2018
215    @a263页@d24cm
225 2  @a领导干部悦读坊@Aling dao gan bu yue du fang
320    @a有书目 (第260-263页)
330    @a本书分九讲阐述了新媒体时代的应急管理与危机公关方法和技能:重新界定危机,应对三重危机;克服本能反应,健全预案体系;切断连锁反应,加强风险管理;化解集群效应,掌握疏堵结合;扭转舆情混乱,善用信息发布;把握公关要义,用好责任模型;分析社会心态,做好群众工作;识破舆情真相,直面社会倒逼;注重内外评委,权衡媒体技巧。
410  0 @12001 @a领导干部悦读坊
606 0  @a突发事件@Atu fa shi jian@x公共管理
690    @aD035.34@v5
701  0 @a唐钧@Atang jun@4著
801  0 @aCN@b上海新华@c20191020
905    @b1098487-91@dD035.34@e168@f5
    
    新媒体时代的应急管理与危机公关/唐钧著.-北京:中国人民大学出版社,2018
    263页;24cm.-(领导干部悦读坊)
    
    
    ISBN 978-7-300-25584-2:CNY48.00
    本书分九讲阐述了新媒体时代的应急管理与危机公关方法和技能:重新界定危机,应对三重危机;克服本能反应,健全预案体系;切断连锁反应,加强风险管理;化解集群效应,掌握疏堵结合;扭转舆情混乱,善用信息发布;把握公关要义,用好责任模型;分析社会心态,做好群众工作;识破舆情真相,直面社会倒逼;注重内外评委,权衡媒体技巧。
●
相关链接 在E读中查询图书 在五车中查询图书 在当当中查询图书 在豆瓣中查询图书


正题名:新媒体时代的应急管理与危机公关     索取号:D035.34/168         预约/预借

序号 登录号 条形码 馆藏地/架位号 状态 备注
1 1098487   210984871   第一样本阅览室/ [索取号:D035.34/168] 在馆    
2 1098488   210984880   第一借阅区/ [索取号:D035.34/168] 在馆    
3 1098489   210984899   第一借阅区/ [索取号:D035.34/168] 在馆    
4 1098490   210984906   第一借阅区/ [索取号:D035.34/168] 在馆    
5 1098491   210984915   第一借阅区/ [索取号:D035.34/168] 在馆    
唐山师范学院图书馆 欢迎您!
大连网信软件有限公司© 版权所有